| 000 | 00472 a2200145 4500 | ||
|---|---|---|---|
| 005 | 20250619141028.0 | ||
| 020 | _a978-0-521-53223-5 | ||
| 082 | _a301.32 NEA | ||
| 100 | _aNEAL, D. | ||
| 245 | _aIntroduction to Population Biology. | ||
| 260 |
_aNew York, _bCambridge University Press, _c2004. |
||
| 300 |
_axiii, 393p.: ill.; figure, graph, picture, table, _bglossary, Index & References, _c25cm |
||
| 856 |
_yAccess Online Book _fscience _dwww.cambridge.org |
||
| 942 |
_2ddc _cBKS |
||
| 999 |
_c263 _d263 |
||